LEADER 01440nam1 2200433 450 001 990003433760203316 005 20100804132050.0 035 $a000343376 035 $aUSA01000343376 035 $a(ALEPH)000343376USA01 035 $a000343376 100 $a20100804d--------km-y0itay50------ba 101 $afre 102 $aFR 105 $a||||||||001yy 200 1 $aGrand Larousse de la langue française en sept volumes$f[sous la direction de Louis Guilbert ... [et al.] 210 $aParis$cLarousse 215 $a7 v.$d27 cm 410 0$12001 454 1$12001 461 1$1001-------$12001 463 \1$1001990003433770203316$12001 $a<> : A-CIPPE 463 \1$1001990003433820203316$12001 $a<> : CIR- ERY 463 \1$1001990003433900203316$12001 $a<> : ES-INC 463 \1$1001990003433910203316$12001 $a<> : IND-NY 463 \1$1001990003433920203316$12001 $a<> : O-PSI 463 \1$1001990003433930203316$12001 $a<> : PSO-SUR 463 \1$1001990003433940203316$12001 $a<> : SUS-Z 606 0 $aLingua francese$xEnciclopedie e dizionari 676 $a443 702 1$aGUILBERT,$bLouis 801 0$aIT$bsalbc$gISBD 912 $a990003433760203316 951 $aI.0.C.$bDSLL 959 $aBK 969 $aDSLL 979 $aDSLL$b90$c20100804$lUSA01$h1320 996 $aGrand Larousse de la langue française en sept volumes$91110097 997 $aUNISA LEADER 01033nam0-22002891i-450- 001 990007259270403321 005 20021010 010 $a88-14-07113-6 035 $a000725927 035 $aFED01000725927 035 $a(Aleph)000725927FED01 035 $a000725927 100 $a20021010d--------km-y0itay50------ba 101 0 $aita 200 1 $aDizionario della successione testamentaria aggiornato con le norme in materia di istituzione del giudice unico di primo grado (Decreto legislativo 19 febbraio 1998, n. 51)$fRenzo Brama. 210 $aMilano$cGiuffre'$d1998. 215 $aVII, 315 p.$d24 cm 676 $a346.05 700 1$aBrama,$bRenzo$0229484 801 0$aIT$bUNINA$gRICA$2UNIMARC 901 $aBK 912 $a990007259270403321 952 $aA-II-A-69$bdip.$fDDRC 959 $aDDRC 996 $aDizionario della successione testamentaria aggiornato con le norme in materia di istituzione del giudice unico di primo grado (Decreto legislativo 19 febbraio 1998, n. 51$9686272 997 $aUNINA DB $aGEN01